[Event "Stay Safe Play From Home 196"]
[Site "T#646541Emanuel Laske"]
[Date "2020.06.03"]
[Round "9"]
[White "Fischer_11"]
[Black "Lazieri3"]
[Result "1-0"]
[WhiteElo "2070"]
[BlackElo "2039"]
[Annotator "NA RC"]
[PlyCount "81"]
[EventDate "2020.06.03"]
[EventType "swiss (blitz)"]

1. e4 {[%emt 0:00:03]} c6 {[%emt 0:00:00]} 2. d4 {[%emt 0:00:01]} d5 {[%emt 0:00:00]} 3. exd5 {[%emt 0:00:00]} cxd5 {[%emt 0:00:00]} 4. c4 {[%emt 0:00:00]} Nc6 {[%emt 0:00:00]} 5. cxd5 {[%emt 0:00:01]} Qxd5 {[%emt 0:00:01]} 6. Nf3 {[%emt 0:00:00]} Bg4 {[%emt 0:00:02]} 7. Nc3 {[%emt 0:00:00]} Qd8 {[%emt 0:00:01]} 8. d5 {[%emt 0:00:01]} Nb8 {[%emt 0:00:01]} 9. Qa4+ {[%emt 0:00:01]} Nd7 {[%emt 0:00:01]} 10. Qxg4 {[%emt 0:00:01]} Ngf6 {[%emt 0:00:01]} 11. Qd4 {[%emt 0:00:02]} g6 {[%emt 0:00:01]} 12. d6 {[%emt 0:00:01]} Bg7 {[%emt 0:00:01]} 13. dxe7 {[%emt 0:00:01]} Qxe7+ {[%emt 0:00:00]} 14. Qe3 {[%emt 0:00:03]} Qxe3+ {[%emt 0:00:03]} 15. Bxe3 {[%emt 0:00:00]} O-O {[%emt 0:00:00]} 16. Be2 {[%emt 0:00:00]} Rfe8 {[%emt 0:00:02]} 17. O-O {[%emt 0:00:00]} h5 {[%emt 0:00:01]} 18. Rac1 {[%emt 0:00:01]} Nb6 {[%emt 0:00:01]} 19. Rfd1 {[%emt 0:00:00]} Rad8 {[%emt 0:00:03]} 20. Bxb6 {[%emt 0:00:02]} axb6 {[%emt 0:00:01]} 21. Bb5 {[%emt 0:00:04]} Rxd1+ {[%emt 0:00:06]} 22. Rxd1 {[%emt 0:00:00]} Rc8 {[%emt 0:00:02]} 23. h3 {[%emt 0:00:04]} Bf8 {[%emt 0:00:06]} 24. Nd5 {[%emt 0:00:01]} Nxd5 {[%emt 0:00:02]} 25. Rxd5 {[%emt 0:00:00]} Rc2 {[%emt 0:00:03]} 26. Rd2 {[%emt 0:00:03]} Rc1+ {[%emt 0:00:01]} 27. Kh2 {[%emt 0:00:01]} Bc5 {[%emt 0:00:01]} 28. g3 {[%emt 0:00:02]} Kg7 {[%emt 0:00:02]} 29. Kg2 {[%emt 0:00:01]} Kf6 {[%emt 0:00:03]} 30. a4 {[%emt 0:00:02]} Rb1 {[%emt 0:00:02]} 31. Bc4 {[%emt 0:00:03]} Bb4 {[%emt 0:00:01]} 32. Re2 {[%emt 0:00:01]} Bc5 {[%emt 0:00:01]} 33. b3 {[%emt 0:00:01]} Rc1 {[%emt 0:00:02]} 34. Rd2 {[%emt 0:00:01]} g5 {[%emt 0:00:01]} 35. g4 {[%emt 0:00:02]} hxg4 {[%emt 0:00:01]} 36. hxg4 {[%emt 0:00:00]} Rb1 {[%emt 0:00:01]} 37. Rd5 {[%emt 0:00:01]} Rb2 {[%emt 0:00:02]} 38. Rf5+ {[%emt 0:00:00]} Ke7 {[%emt 0:00:00]} 39. Rxg5 {[%emt 0:00:00]} Rxf2+ {[%emt 0:00:02]} 40. Kg3 {[%emt 0:00:01]} Rc2 {[%emt 0:00:00]} 41. Re5+ {[%emt 0:00:00] Time (Lag: Av=0.38s, max=0.8s)} 1-0

[Event "Stay Safe Play From Home 196"]
[Site "T#646541Emanuel Laske"]
[Date "2020.06.03"]
[Round "9"]
[White "buzaglo"]
[Black "SoulofWolf"]
[Result "0-1"]
[WhiteElo "1948"]
[BlackElo "2196"]
[Annotator "TA"]
[PlyCount "126"]
[EventDate "2020.06.03"]
[EventType "swiss (blitz)"]

{[%evp 9,126,29,44,53,51,44,36,35,23,17,16,27,89,33,134,137,128,133,164,6,162,162,171,164,144,-457,-462,-450,-439,-429,-435,-431,-422,-481,-498,-502,-464,-621,-556,-1114,-258,-238,-235,-249,-249,-249,-182,-188,-189,-195,-185,-249,-249,-991,-173,-159,-112,-136,-125,-125,0,-259,-259,-319,-187,-461,-237,-5947,-5804,-5004,-5419,-5591,-5152,-29994,-1661,-1511,-1397,-29995,-29996,-29996,-29997,-29997,-29997,-29997,-29996,-29997,-29995,-29995,-29995,-29995,-29995,-29995,-29995,-29996,-29996,-29996,-29996,-29996,-29997,-29997,-29996,-29996,-29997,-29997,-29995,-29996,-29996,-29996,-29994,-29995,-29995,-29995,-29995,-29996,-29996,-29996,-29997,-29997,-29997]} 1. d4 e6 2. Nf3 d5 3. g3 Nd7 4. Bg2 Bd6 5. O-O Ne7 6. Nbd2 {[#] D02: 1 d4 d5 2 Nf3 sidelines, including 2...Nf6 3 g3 and 2...Nf6 3 Bf4.} O-O $146 ({Predecessor:} 6... f5 7. e3 O-O 8. b3 c6 9. Bb2 Nf6 10. Ne5 Ng6 11. c4 Bd7 12. Rc1 Qe8 {½-½ (24) Pockaj,B-Jasensek,D Slovenia 1997}) 7. c4 {And now c5 would win.} c5 8. dxc5 {White is slightly better.} Nxc5 9. cxd5 Nxd5 10. Nc4 Bb8 (10... Be7 $11 {keeps the balance.}) 11. b4 ({Better is} 11. Qc2 $16) 11... Na6 (11... Nxb4 $14 12. Ba3 a5) 12. b5 $16 Nc5 13. a4 a6 {With the idea ...axb5.} 14. Be3 $2 ({White should try} 14. Ba3 $18 axb5 15. Bxc5 bxc4 16. Bxf8 Qxf8 17. Qd4 (17. Qc2 Qc5 $16)) 14... axb5 $2 (14... Nxe3 $11 {and Black is okay.} 15. Nxe3 axb5) 15. Bxc5 $18 bxc4 16. Bxf8 Qxf8 17. Ne5 $2 {[%mdl 8192]} (17. Qd4 $16 {keeps the pressure on.}) 17... Bxe5 $19 18. Rc1 c3 19. Bxd5 exd5 20. Qxd5 Bf6 21. e4 Be6 22. Qxb7 Rxa4 23. Qb5 Qa8 24. e5 Bg5 $2 (24... Ra5 25. Qb4 Bh3) 25. Rxc3 h6 {Hoping for ...Ra1.} 26. h4 Be7 27. Qc6 Ra6 28. Qxa8+ Rxa8 29. Rc7 Bf8 30. Rfc1 (30. Rb1 {was called for.}) 30... Ra5 31. R7c5 $2 (31. R7c3) 31... Ra4 $2 (31... Bxc5 32. Kf1 Bd4) 32. Rb5 Re4 33. Kg2 Bd7 34. Rb7 {[#]} Be6 (34... Bf5 $1 $17 35. Rb5 g6) 35. f3 $2 {[%mdl 8192] Black keeps a firm grip on the game.} (35. Rb5 $1 $11 {and White has nothing to worry.}) 35... Rxe5 36. f4 Bd5+ (36... Rd5 $142 37. Rbb1 Rd2+ 38. Kf3 h5) 37. Kh3 $2 (37. Kf2 {is the only way for White.} Bxb7 38. fxe5) 37... Re3 (37... Bxb7 $2 38. fxe5 Bd5 39. Kg4 $19) (37... Re2 $142 38. Rb6 h5) 38. Rd7 $2 (38. Rb8 Be6+ 39. Kg2) 38... Be6+ {[%mdl 64] [#] Double Attack} 39. Kg2 Bxd7 40. Kf2 Re8 41. Rc5 Be6 (41... Bxc5+ $142 42. Kf3 Bc6+ 43. Kg4 Bg2 44. h5 Be3 45. Kf5 Bf3 46. g4 Be4#) 42. Rc6 Bd5 43. Rb6 Bc5+ {[%mdl 64] Double Attack. Black mates.} 44. Kf1 Bxb6 45. f5 Re5 46. f6 g6 47. g4 Bd8 48. g5 hxg5 49. h5 gxh5 50. Kf2 Kh7 51. Kg3 Kg6 52. Kf2 Kxf6 53. Kg3 Kf5 54. Kf2 f6 55. Kg3 Bc7 56. Kf2 Be6 57. Kg2 Re4 {[%cal Be5e4,Be4g4,Bg4g2][%mdl 32]} 58. Kf2 Rg4 59. Kf1 h4 60. Kf2 h3 61. Ke2 h2 62. Kd2 Rg2+ 63. Kc3 Be5+ {Accuracy: White = 41%, Black = 42%.} 0-1

[Event "Stay Safe Play From Home 196"]
[Site "T#646541Emanuel Laske"]
[Date "2020.06.03"]
[Round "9"]
[White "GIULIO19031975"]
[Black "Little champs"]
[Result "0-1"]
[WhiteElo "1776"]
[BlackElo "2195"]
[Annotator "NA RC"]
[PlyCount "98"]
[EventDate "2020.06.03"]
[EventType "swiss (blitz)"]

1. e4 {[%emt 0:00:03]} c6 {[%emt 0:00:00]} 2. Nf3 {[%emt 0:00:01]} d5 {[%emt 0:00:00]} 3. exd5 {[%emt 0:00:01]} cxd5 {[%emt 0:00:01]} 4. d4 {[%emt 0:00:00]} Nf6 {[%emt 0:00:00]} 5. Be2 {[%emt 0:00:00]} e6 {[%emt 0:00:00]} 6. c3 {[%emt 0:00:00]} Be7 {[%emt 0:00:00]} 7. Nbd2 {[%emt 0:00:02]} O-O {[%emt 0:00:00]} 8. h3 {[%emt 0:00:00]} Nc6 {[%emt 0:00:00]} 9. O-O {[%emt 0:00:01]} Ne4 {[%emt 0:00:00]} 10. Nxe4 {[%emt 0:00:01]} dxe4 {[%emt 0:00:01]} 11. Nd2 {[%emt 0:00:00]} f5 {[%emt 0:00:01]} 12. Nc4 {[%emt 0:00:01]} b5 {[%emt 0:00:01]} 13. Ne5 {[%emt 0:00:02]} Nxe5 {[%emt 0:00:01]} 14. dxe5 {[%emt 0:00:01]} Qb6 {[%emt 0:00:00]} 15. Be3 {[%emt 0:00:02]} Qb7 {[%emt 0:00:01]} 16. a4 {[%emt 0:00:02]} b4 {[%emt 0:00:02]} 17. cxb4 {[%emt 0:00:01]} Bxb4 {[%emt 0:00:01]} 18. a5 {[%emt 0:00:01]} a6 {[%emt 0:00:01]} 19. Qa4 {[%emt 0:00:02]} Bd7 {[%emt 0:00:02]} 20. Qb3 {[%emt 0:00:02]} Kh8 {[%emt 0:00:02]} 21. Bc4 {[%emt 0:00:01]} Rae8 {[%emt 0:00:04]} 22. Bb6 {[%emt 0:00:04]} Bd2 {[%emt 0:00:04]} 23. Rad1 {[%emt 0:00:01]} Bf4 {[%emt 0:00:01]} 24. Rxd7 {[%emt 0:00:06]} Qxd7 {[%emt 0:00:01]} 25. Rd1 {[%emt 0:00:03]} Qf7 {[%emt 0:00:02]} 26. Bxa6 {[%emt 0:00:01]} Bxe5 {[%emt 0:00:02]} 27. Bd4 {[%emt 0:00:01]} Bxd4 {[%emt 0:00:01]} 28. Rxd4 {[%emt 0:00:01]} e5 {[%emt 0:00:00]} 29. Qxf7 {[%emt 0:00:02]} Rxf7 {[%emt 0:00:02]} 30. Rd5 {[%emt 0:00:01]} f4 {[%emt 0:00:01]} 31. Bc4 {[%emt 0:00:01]} Rfe7 {[%emt 0:00:01]} 32. b3 {[%emt 0:00:01]} e3 {[%emt 0:00:01]} 33. fxe3 {[%emt 0:00:01]} fxe3 {[%emt 0:00:00]} 34. Kf1 {[%emt 0:00:01]} h6 {[%emt 0:00:00]} 35. Ke2 {[%emt 0:00:01]} e4 {[%emt 0:00:01]} 36. Kxe3 {[%emt 0:00:01]} Rb8 {[%emt 0:00:02]} 37. a6 {[%emt 0:00:01]} Kh7 {[%emt 0:00:03]} 38. g4 {[%emt 0:00:01]} Kg6 {[%emt 0:00:01]} 39. h4 {[%emt 0:00:01]} Kf6 {[%emt 0:00:01]} 40. h5 {[%emt 0:00:01]} Re5 {[%emt 0:00:02]} 41. Rd6+ {[%emt 0:00:01]} Kg5 {[%emt 0:00:01]} 42. Rg6+ {[%emt 0:00:01]} Kh4 {[%emt 0:00:01]} 43. g5 {[%emt 0:00:01]} Rxg5 {[%emt 0:00:01]} 44. a7 {[%emt 0:00:00]} Ra8 {[%emt 0:00:01]} 45. Rb6 {[%emt 0:00:02]} Rxa7 {[%emt 0:00:01]} 46. Rb4 {[%emt 0:00:01]} Re7 {[%emt 0:00:01]} 47. Bf7 {[%emt 0:00:00]} Rxf7 {[%emt 0:00:01]} 48. Rxe4+ {[%emt 0:00:00]} Kxh5 {[%emt 0:00:01]} 49. Rf4 {[%emt 0:00:01]} Rxf4 {[%emt 0:00:01]} 0-1

[Event "Stay Safe Play From Home 196"]
[Site "T#646541Emanuel Laske"]
[Date "2020.06.03"]
[Round "9"]
[White "NeatFox"]
[Black "Matanant"]
[Result "1-0"]
[WhiteElo "1767"]
[BlackElo "1661"]
[Annotator "NA RC"]
[PlyCount "43"]
[EventDate "2020.06.03"]
[EventType "swiss (blitz)"]

1. g4 {[%emt 0:00:01]} d5 {[%emt 0:00:01]} 2. Bg2 {[%emt 0:00:00]} c5 {[%emt 0:00:00]} 3. c4 {[%emt 0:00:00]} Nc6 {[%emt 0:00:00]} 4. cxd5 {[%emt 0:00:00]} Nd4 {[%emt 0:00:02]} 5. e3 {[%emt 0:00:01]} Nb5 {[%emt 0:00:03]} 6. Qa4 {[%emt 0:00:01]} Bd7 {[%emt 0:00:02]} 7. Qb3 {[%emt 0:00:00]} Nd6 {[%emt 0:00:02]} 8. Nc3 {[%emt 0:00:03]} a6 {[%emt 0:00:02]} 9. Ne4 {[%emt 0:00:02]} b5 {[%emt 0:00:05]} 10. Nxd6+ {[%emt 0:00:01]} exd6 {[%emt 0:00:02]} 11. h3 {[%emt 0:00:01]} Be7 {[%emt 0:00:04]} 12. Nf3 {[%emt 0:00:03]} Bf6 {[%emt 0:00:03]} 13. d4 {[%emt 0:00:01]} c4 {[%emt 0:00:02]} 14. Qc3 {[%emt 0:00:02]} Ne7 {[%emt 0:00:00]} 15. a3 {[%emt 0:00:01]} Nxd5 {[%emt 0:00:02]} 16. Qd2 {[%emt 0:00:02]} O-O {[%emt 0:00:03]} 17. O-O {[%emt 0:00:01]} Re8 {[%emt 0:00:02]} 18. Re1 {[%emt 0:00:01]} Ra7 {[%emt 0:00:08]} 19. e4 {[%emt 0:00:01]} Nc7 {[%emt 0:00:03]} 20. d5 {[%emt 0:00:00]} h6 {[%emt 0:00:07]} 21. Qe3 {[%emt 0:00:01]} Be5 {[%emt 0:00:02]} 22. Qxa7 {[%emt 0:00:01] Time (Lag: Av=0.63s, max=1.1s)} 1-0

[Event "Stay Safe Play From Home 196"]
[Site "T#646541Emanuel Laske"]
[Date "2020.06.03"]
[Round "9"]
[White "Meini"]
[Black "Bigwig911"]
[Result "1-0"]
[WhiteElo "1616"]
[BlackElo "1434"]
[Annotator "NA RC"]
[PlyCount "83"]
[EventDate "2020.06.03"]
[EventType "swiss (blitz)"]

1. d4 {[%emt 0:00:02]} c6 {[%emt 0:00:01]} 2. Bf4 {[%emt 0:00:02]} d5 {[%emt 0:00:00]} 3. e3 {[%emt 0:00:01]} Nf6 {[%emt 0:00:01]} 4. Nf3 {[%emt 0:00:00]} Bg4 {[%emt 0:00:01]} 5. h3 {[%emt 0:00:00]} Bh5 {[%emt 0:00:01]} 6. Be2 {[%emt 0:00:02]} e6 {[%emt 0:00:01]} 7. Ne5 {[%emt 0:00:00]} Be7 {[%emt 0:00:01]} 8. Bxh5 {[%emt 0:00:01]} Nxh5 {[%emt 0:00:01]} 9. Qxh5 {[%emt 0:00:00]} g6 {[%emt 0:00:01]} 10. Qf3 {[%emt 0:00:02]} Bf6 {[%emt 0:00:01]} 11. Bg3 {[%emt 0:00:02]} O-O {[%emt 0:00:02]} 12. Nd2 {[%emt 0:00:02]} Nd7 {[%emt 0:00:01]} 13. Nxd7 {[%emt 0:00:03]} Qxd7 {[%emt 0:00:01]} 14. c3 {[%emt 0:00:01]} Rac8 {[%emt 0:00:01]} 15. e4 {[%emt 0:00:01]} dxe4 {[%emt 0:00:01]} 16. Nxe4 {[%emt 0:00:01]} Bg7 {[%emt 0:00:01]} 17. O-O {[%emt 0:00:01]} b6 {[%emt 0:00:03]} 18. Bh4 {[%emt 0:00:01]} c5 {[%emt 0:00:01]} 19. Bf6 {[%emt 0:00:01]} cxd4 {[%emt 0:00:02]} 20. cxd4 {[%emt 0:00:07]} Qd5 {[%emt 0:00:05]} 21. Bxg7 {[%emt 0:00:03]} Kxg7 {[%emt 0:00:01]} 22. Qf6+ {[%emt 0:00:02]} Kg8 {[%emt 0:00:03]} 23. Rad1 {[%emt 0:00:02]} Qxe4 {[%emt 0:00:01]} 24. f3 {[%emt 0:00:04]} Qe2 {[%emt 0:00:02]} 25. Kh1 {[%emt 0:00:02]} Qxb2 {[%emt 0:00:02]} 26. d5 {[%emt 0:00:02]} exd5 {[%emt 0:00:02]} 27. Rxd5 {[%emt 0:00:02]} Qxf6 {[%emt 0:00:01]} 28. Rdd1 {[%emt 0:00:02]} Rc2 {[%emt 0:00:01]} 29. Rfe1 {[%emt 0:00:00]} Qg5 {[%emt 0:00:02]} 30. Rg1 {[%emt 0:00:00]} Qe3 {[%emt 0:00:02]} 31. Ra1 {[%emt 0:00:01]} Qe2 {[%emt 0:00:01]} 32. a4 {[%emt 0:00:00]} Ra2 {[%emt 0:00:02]} 33. Rab1 {[%emt 0:00:02]} Rxa4 {[%emt 0:00:01]} 34. Rbe1 {[%emt 0:00:00]} Qa2 {[%emt 0:00:02]} 35. Rb1 {[%emt 0:00:01]} Qc4 {[%emt 0:00:01]} 36. Rbc1 {[%emt 0:00:00]} Qf4 {[%emt 0:00:02]} 37. Rcd1 {[%emt 0:00:00]} Ra2 {[%emt 0:00:02]} 38. Rde1 {[%emt 0:00:00]} Qg5 {[%emt 0:00:01]} 39. Ref1 {[%emt 0:00:00]} Re8 {[%emt 0:00:01]} 40. Re1 {[%emt 0:00:00]} Rxe1 {[%emt 0:00:01]} 41. Kh2 {[%emt 0:00:01]} Rxg2+ {[%emt 0:00:01]} 42. Rxg2 {[%emt 0:00:01] Time (Lag: Av=0.31s, max=0.7s)} 1-0